000 00945nas a2200325 4500
001 BR9505988
003 BR-BrBNA
005 20231205095714.0
007 ta
008 230509b bl.|||p| |||| 00| 00por d
040 _aBR-BrBNA
_bpor
_cBiblioteca Nacional de Agricultura
041 _a(Pt)
072 _aF02
100 1 _aHoshika, E.
100 1 _aPasqual, M.
100 1 _aPinto, J.E.B.P.
100 1 _aAlvarenga, A.A.
100 1 _aIshida, J.S.
100 1 _aCarvalho, G.R.
245 1 _aEfeitos da temperatura e fotoperiodo sobre o enraizamento "in vitro" do porta-exerto de macieira 'M-7'
650 _aBrotacao
650 _aMaca
650 _aPorta Enxerto
650 _aEnraizamento
650 _aFotoperiodismo
650 _aTemperatura
773 0 _tCiencia e Pratica (Brazil)
_xISSN 0100-3267
_g(Jan-Mar 1993), v. 17(1) p. 16-19
_wBR9505988
909 _a202311
_bLúcia
_c55
_dLúcia Elande
942 _2AGRIS
_n0
_cANA
999 _c152255
_d152255